E. T. Things Quiz Stats

 Plays Quiz not verified by Sporcle

Challenge
Share
Tweet
Embed
Score 0/13 Timer 10:00
0 Plays Today
Hint % Correct
Steven Speilburg FilmET
100%
Most Watched Entertainment Show in the WorldEntertainment Tonight
89.4%
All the thingsEverything
87.2%
9 squared plus 2Eighty Three
85.1%
Large Building in ParisEiffel Tower
80.9%
The time zone New York is inEastern Time
80.9%
Stock Trader With Baby CommercialsE Trade
70.2%
Instructs language spoken in USAEnglish Teacher
57.4%
Nanny McPhee ActressEmma Thompson
46.8%
Brother of CNN CEOEd Turner
36.2%
Basketball Player at Ohio StateEvan Turner
29.8%
A number theoremEulers Theorem
14.9%
The only famous person with these initialsEmerald Thomas
4.3%

You're not logged in!

Compare scores with friends on all Sporcle quizzes.
OR
Log In

You Might Also Like...

Show Comments

Extras

Created Apr 2, 2010ReportNominate

Top Quizzes Today


Score Distribution

Your Account Isn't Verified!

In order to create a playlist on Sporcle, you need to verify the email address you used during registration. Go to your Sporcle Settings to finish the process.

Report this User

Report this user for behavior that violates our Community Guidelines.

Details: